Text Book of Heat Part I (Record no. 11328)

MARC details
000 -LEADER
fixed length control field 00356nam a2200145Ia 4500
008 - FIXED-LENGTH DATA ELEMENTS--GENERAL INFORMATION
fixed length control field 211109s9999||||xx |||||||||||||| ||und||
082 ## - DEWEY DECIMAL CLASSIFICATION NUMBER
Classification number 536
Item number ALL-T
100 ## - MAIN ENTRY--PERSONAL NAME
Personal name Allen, H S
245 #0 - TITLE STATEMENT
Title Text Book of Heat Part I
260 ## - PUBLICATION, DISTRIBUTION, ETC.
Name of publisher, distributor, etc. Macmillan Company
Place of publication, distribution, etc. New York
Date of publication, distribution, etc. 1945
300 ## - PHYSICAL DESCRIPTION
Extent 848p.
630 ## - SUBJECT ADDED ENTRY--UNIFORM TITLE
General subdivision General Stack
650 ## - SUBJECT ADDED ENTRY--TOPICAL TERM
Topical term or geographic name entry element Heat
942 ## - ADDED ENTRY ELEMENTS (KOHA)
Koha item type BOOK
650 ## - SUBJECT ADDED ENTRY--TOPICAL TERM
General subdivision Physics
Holdings
Withdrawn status Lost status Damaged status Not for loan Home library Current library Date acquired Cost, normal purchase price Total Checkouts Full call number Barcode Shelving location Date last seen Price effective from Koha item type
        SB LIBRARY SB LIBRARY 09/11/2021 100.00   536 ALL-T 00011883 GENERAL STACK 09/11/2021 09/11/2021 BOOK

Powered by Koha